Indian Contract Act. (Record no. 1779)

MARC details
000 -LEADER
fixed length control field 00404nam a22001697a 4500
005 - DATE AND TIME OF LATEST TRANSACTION
control field 20180417120326.0
008 - FIXED-LENGTH DATA ELEMENTS--GENERAL INFORMATION
fixed length control field 160526b xxu||||| |||| 00| 0 eng d
020 ## - INTERNATIONAL STANDARD BOOK NUMBER
ISBN 81-85989-96-2
041 ## - LANGUAGE CODE
Language code of text/sound track or separate title eng
082 ## - DEWEY DECIMAL CLASSIFICATION NUMBER
Item number 5083
Classification number 346.07
100 ## - MAIN ENTRY--AUTHOR NAME
Personal name Bangia, R.K.
245 ## - TITLE STATEMENT
Title Indian Contract Act.
260 ## - PUBLICATION, DISTRIBUTION, ETC. (IMPRINT)
Place of publication New Delhi
Name of publisher Academic Faundation
300 ## - PHYSICAL DESCRIPTION
Number of Pages 524
650 ## - SUBJECT ADDED ENTRY--TOPICAL TERM
Topical Term Management
942 ## - ADDED ENTRY ELEMENTS (KOHA)
Koha item type Books
Holdings
Lost status Damaged status Collection code Home library Current library Shelving location Date acquired Cost, normal purchase price Full call number Accession Number Koha item type
    LAW JRU Library JRU Library SHELF-29-D 26/05/2016 190.00 346..5402 5083 Books
    LAW JRU Library JRU Library SHELF-29-D 26/05/2016 190.00 346..5402 5084 Books
    LAW JRU Library JRU Library SHELF-29-D 26/05/2016 190.00 346..5402 5085 Books
    LAW JRU Library JRU Library SHELF-29-D 26/05/2016 190.00 346..5402 5086 Books
    LAW JRU Library JRU Library SHELF-29-D 26/05/2016 190.00 346..5402 5087 Books
    LAW JRU Library JRU Library SHELF-29-D 26/05/2016 190.00 346..5402 5088 Books
    LAW JRU Library JRU Library SHELF-29-D 26/05/2016 190.00 346..5402 5089 Books
    LAW JRU Library JRU Library SHELF-29-D 26/05/2016 190.00 346..5402 5090 Books
    LAW JRU Library JRU Library SHELF-29-D 26/05/2016 190.00 346..5402 5091 Books
    LAW JRU Library JRU Library SHELF-29-D 26/05/2016 190.00 346..5402 5092 Books
    LAW JRU Library JRU Library SHELF-29-D 26/05/2016 190.00 346..5402 5093 Books
    LAW JRU Library JRU Library SHELF-29-D 26/05/2016 190.00 346..5402 5094 Books